| 000 | 00394nam a2200145 a 4500 | ||
|---|---|---|---|
| 001 | 3677 | ||
| 003 | CDMR | ||
| 005 | 20130918123438.0 | ||
| 008 | 130130s1997||||||||||||||||||||||||||||d | ||
| 040 |
_aCDMR _bcat _cCPC GIRONA |
||
| 100 | 1 |
_aTerricabras, Josep Maria _92619 |
|
| 245 | 1 | 3 |
_aUn paĆs sense mitjans de comunicació propis? _cTerricabras, Josep Maria |
| 260 |
_c1997 _bCPC |
||
| 942 |
_cMON _2udc |
||
| 999 |
_c3677 _d3677 |
||